ბათუმის შოთა რუსთაველის სახელმწიფო უნივერსიტეტის ბიბლიოთეკა

მარტოობის ასი წელიწადი (ბიბ.ჩანაწერი № 53788)

000 -LEADER
fixed length control field 00916nam a2200253Ia 4500
001 - CONTROL NUMBER
control field 20838
003 - CONTROL NUMBER IDENTIFIER
control field GE_BSU
008 - FIXED-LENGTH DATA ELEMENTS--GENERAL INFORMATION
fixed length control field 181216s||||||||xx |||||||||||||| ||und||
020 ## - INTERNATIONAL STANDARD BOOK NUMBER
International Standard Book Number 9789941197215
040 ## - CATALOGING SOURCE
Transcribing agency GE_BSU
080 ## - UNIVERSAL DECIMAL CLASSIFICATION NUMBER
Universal Decimal Classification number 821.134.1(861)-31
100 ## - MAIN ENTRY--PERSONAL NAME
Personal name გარსია მარკესი, გაბრიელ
245 ## - TITLE STATEMENT
Title მარტოობის ასი წელიწადი
245 ## - TITLE STATEMENT
Remainder of title რომანი
245 ## - TITLE STATEMENT
Statement of responsibility, etc. ესპანურიდან თარგმნა ელზა ახვლედიანმა;რედ:მაია ალადაური
260 ## - PUBLICATION, DISTRIBUTION, ETC.
Place of publication, distribution, etc. თბილისი
260 ## - PUBLICATION, DISTRIBUTION, ETC.
Name of publisher, distributor, etc. პალიტრაL
260 ## - PUBLICATION, DISTRIBUTION, ETC.
Date of publication, distribution, etc. 2012
300 ## - PHYSICAL DESCRIPTION
Extent 404გვ;22სმ.
653 ## - INDEX TERM--UNCONTROLLED
Uncontrolled term მარტოობის ასი წელი
653 ## - INDEX TERM--UNCONTROLLED
Uncontrolled term მხატვრული ლიტერატურა
942 ## - ADDED ENTRY ELEMENTS (KOHA)
Koha item type წიგნი
ეგზემპლარები
Withdrawn status Lost status Damaged status Not for loan Date acquired Barcode Date last seen Price effective from Koha item type
        2018-12-17 54265 2018-12-17 2018-12-17 წიგნი